000 01543nam a2200229Ia 4500
003 Ost
005 20260416102355.0
008 260416s9999||||xx |||||||||||||| ||und||
040 _cfsecg
041 _aara
082 _a658
100 _aحدادو، نبيلة
_eمؤلف
245 0 _aنظرية المنظمات /
_c نبيلة حدادو
260 _aالجزائر
_bجامعة الجزائر3: كلية العلوم الإقتصادية، العلوم التجارية وعلوم التسيير
_c2020
300 _a93 ورقة
_bايضاحات
_c30 سم
504 _aمراجع ص.92
520 _aمفهوم المنظمة من منظور إقتصادي و من منظور اجتماعي و تناول المنظمة التعاونية و المنظمة و الرشادة المحدودة و المنظمة و الادارة بالاهداف و المنظمة من منظور النظرية الموقفية ( الظرفية ) و المنظمة من منظور ثقافي و المنظمة و نظرية التبادل كما تم التطرق الى تصميم الهيكل التنظيمي بتناول مفاهيم حول الهيكل التنظيمي للمنظمة و مراحل تصميم الهيكل التنظيمي و محددات الهيكل التنظيمي.
653 _aإدارة الأعمال
653 _aالمنظمة
710 _aجامعة الجزائر3: كلية العلوم الإقتصادية، العلوم التجارية وعلوم التسيير
_eناشر علمي
942 _cHANDOUT
999 _c41181
_d41181